Birds in country flags by picture - Statistics

General Stats
  • This quiz has been taken 580 times
  • The average score is 11 of 16
Answer Stats
Picture Answer % Correct
Albania
92%
Mexico
89%
Papua New Guinea
82%
Egypt
80%
Kazakhstan
77%
Uganda
77%
Zambia
72%
Montenegro
71%
Serbia
70%
Moldova
64%
Dominica
60%
Ecuador
59%
Guatemala
53%
Zimbabwe
51%
Kiribati
50%
Fiji
20%
No matching quizzes found
Score Distribution
Percent of People with Each Score
Percentile by Number Answered
Your Score History
You have not taken this quiz